Tous les buteurs français de la Ligue des Champions 2022/2023 - Statistiques

Statistiques générales
  • Ce quiz a été pris 193 fois
  • Le résultat moyen est 13 sur 18
Statistiques - réponses
Club Joueur Buts % Correct
Psg Mbappé 7
100%
Ac Milan Giroud 5
99%
Réal Madrid Benzema 4
98%
Leipzig Nkunku 3
94%
Atlético Madrid Griezmann 1
93%
Francfort Kolo Muani 2
90%
Juventus Rabiot 2
90%
Bayern Munich Coman 1
89%
Bayern Munich Pavard 2
83%
Bayer Leverkusen Diaby 2
79%
Barcelone Dembele 1
76%
Bayern Munich Hernandez 1
73%
Om Guendouzi 2
64%
Tottenham Lenglet 1
51%
Chelsea Fofana 1
50%
Tottenham Ndombele 1
41%
Leipzig Simakan 1
36%
Séville Nianzou/Kouassi 1
17%
Aucun quiz correspondant
Distribution des résultats
% des personnes avec chaque résultat
Percentile par nombre de réponses
Votre historique - résultats
Vous n’avez pas pris ce quiz